00616nam a2200205Ia 450000500170000000800410001702000150005808200170007310000180009024500770010825000160018526000360020130000170023765000170025465000120027165000110028394200060029495200950030099900150039520250220052006.0240331s9999 xx 000 0 und d a0646381067 bGUN24943954 aGunasingam, M 0aIlankaith Thamil Thesiyavatham Athan Aarambath Thottam Pattiyathor Aaivu a2nd Edition aSydneybM. V Publicationsc2003 axvi, 346 p., aTamil Nation aHistory aOrigin cL 001040708LaWERCLbWERCLcSSCd2024-03-31l0o 954 GUNp4943r2024-03-31w2024-03-31yL c4266d4266